000
00317nam a2200133Ia 4500
008
210312s9999||||xx |||||||||||||| ||und||
041
_a
osm
050
_a
PL248
050
_b
A368.A6
100
_a
Ahmed Rasim
245
0
_a
Muharrir, şair, edip
260
_c
1924-1342
650
_a
Edebiyat--Türk edebiyatı--Deneme
999
_c
22247
_d
22247